Komparácia možností a limitov v regionálnom riešení afganskej otázky

Potreba regionálneho prístupu k riešeniu afganskej otázky. Hľadanie riešení. Preferované východisko - spoločné ekonomické záujmy. Regionálny prístup a zložitosť konkurenčných záujmov.

Enregistré dans:
Détails bibliographiques
Auteur principal: Čech, Ľubomír, 1955-
Format: Chapitre de livre
Langue:slovaque
Sujets:
Tags: Ajouter un tag
Pas de tags, Soyez le premier à ajouter un tag!

MARC

LEADER 00000naa$a2200000$$$4500
001 0174404
005 20240502072955.8
041 0 |a slo 
044 |a SK 
245 1 0 |a Komparácia možností a limitov v regionálnom riešení afganskej otázky  |c Ľubomír Čech 
520 |a Potreba regionálneho prístupu k riešeniu afganskej otázky. Hľadanie riešení. Preferované východisko - spoločné ekonomické záujmy. Regionálny prístup a zložitosť konkurenčných záujmov. 
610 2 0 |a politika medzinárodná 
610 2 0 |a vzťahy medzinárodné 
610 2 0 |a politika regionálna 
610 2 0 |a konflikty 
610 2 0 |a konkurencia 
610 2 0 |a Afganistan 
610 2 0 |a USA 
610 2 0 |a Pakistan 
610 2 0 |a Rusko 
100 1 |a Čech, Ľubomír, 1955-